Slipfast (All Lyrics) - Role Model - Statistics

General Stats
  • This quiz has been taken 32 times
  • The average score is 304 of 333
Answer Stats
Answer % Correct
a
100%
away
100%
away,
100%
Away,
100%
be
100%
carried
100%
fast,
100%
for
100%
get
100%
I
100%
in
100%
it
100%
my
100%
slip
100%
Slip
100%
the
100%
this
100%
this,
100%
was
100%
where
100%
would
100%
you
100%
all
93%
apartment
93%
at
93%
believe
93%
cheated
93%
down
93%
dream
93%
god,
93%
have
93%
If
93%
I'm
93%
just
93%
Just
93%
let
93%
Let
93%
made
93%
me
93%
Oh
93%
on
93%
to
93%
Told
93%
when
93%
younger,
93%
being
87%
dime
87%
from
87%
had
87%
honest
87%
honest,
87%
I'd
87%
love
87%
no
87%
old
87%
pay
87%
sorry,
87%
ten
87%
what
87%
call
80%
charging
80%
everything
80%
feeling
80%
her
80%
letting
80%
like
80%
move
80%
pretty,
80%
Rachel,
80%
still
80%
there
80%
twenty,
80%
ankles
73%
burn
73%
counter
73%
happen
73%
hate
73%
later
73%
occupation
73%
of
73%
run
73%
Run
73%
Sometimes
73%
that
73%
up
73%
wasn't
73%
And
67%
it'll
67%
jeans
67%
never
67%
road
67%
take
67%
wonder
67%
bag
60%
carpet,
60%
could
60%
downer
60%
Lay
60%
met
60%
pills
60%
start
60%
taking
60%
want
60%
bedroom
53%
But
53%
crashes
53%
inside
53%
then
53%
woke
53%
your
53%
answer
47%
home,
47%
Throw
47%
towel,
47%
lonely,
40%
one
40%
No matching quizzes found
Score Distribution
Percent of People with Each Score
Percentile by Number Answered
Your Score History
You have not taken this quiz